000 01469nam a2200313 i 4500
003 EG-GICUC
005 20260121101408.0
008 251130s1976 fr ||||fr|||| 00| 0 fre d
040 _aEG-GiCUC
_bfre
_cEG-GiCUC
_dEG-GiCUC
_erda
041 0 _afre
082 0 4 _221
_a343.1
_bDO . P
092 0 4 _221
099 _aLaw1 10 343.1 DO . P 1976
100 1 _aDoutcet, Jean-Paul
_eAuteur
245 1 0 _aPrécis De Droit Pénal Général /
_cPar Jean-Paul Doucet.
264 1 _aParis :
_bMarcinelle,
_c1976.
300 _a303 pages ;
_c24 cm.
336 _2rda content
_atext
337 _2rda media
_aComputer
338 _2rda carrier
_aOnline Resource
504 _aComprend des références bibliographiques.
520 _aC'est de la bonté des lois criminelles que dépend principalement la liberté du citoyen... les connaissances que l'on a acquises dans quelque pays et que l'on acquerra dans d'autres sur les règles les plus sûres que l'on puisse tenir dans les juge-menta criminels, intéressent le genre humain plus qu'aucune chose qu'il y ait au monde.
520 _aDes lois pénales. Le croirait-on si une triste expérience ne le prouvait que trop? Dans un siècle où les sciences sont approfondies, la plus importante > au bonheur des hommes est encore au berceau.
546 _aTexte en français
650 1 _aDroit Pénal
856 4 0 _uhttps://fll.law.cu.edu.eg/fulltext/bks/B10-00798.pdf
905 _a33
_eHassnaa
942 _2ddc
_cBK
_e21
_n0
999 _c47479
_d47479